Statistics for Top ten strongest countries in the world

Click here to take the quiz!

General Stats

  • This quiz has been taken 26 times
  • The average score is 9 of 10

Answer Stats

No.Country% Correct
2ndRussia
100%
3rdChina
95%
4thIndia
95%
8thUnited Kingdom
95%
1stUnited States of America
95%
9thBrazil
90%
7thFrance
90%
5thJapan
90%
10thPakistan
62%
6thSouth Korea
62%

Score Distribution

Percentile by Number Answered

Percent of People with Each Score

Your Score History

You have not taken this quiz